000 00299nam a22001453 4500
001 206635
005 20250516092557.0
090 _a206635
100 _a20250516 ukry50
101 _aukr
102 _aUA
200 _a
210 _d2025
801 _2unimarc
_aUA
_gpsbo
942 _cJOURNAL